Nghiên cứu khả năng chịu hạn và tách dòng gen chaperonin của một số giống đậu tương (Glycine max L. merill) Địa phương ở vùng Tây Nguyên /
Đã lưu trong:
| 主要作者: | |
|---|---|
| 其他作者: | , , |
| 格式: | Bài viết |
| 語言: | Vietnamese |
| 主題: | |
| 標簽: |
添加標簽
沒有標簽, 成為第一個標記此記錄!
|
| Thư viện lưu trữ: | Thư viện Trường Đại học Đà Lạt |
|---|
| LEADER | 01060nam a2200313 4500 | ||
|---|---|---|---|
| 001 | DLU110125419 | ||
| 005 | ##20110921 | ||
| 040 | # | # | |a DLU |b vie |
| 041 | # | # | |a vie |
| 044 | # | # | |a vn |
| 100 | # | # | |a Chu Hoàng Mậu. |
| 245 | # | # | |a Nghiên cứu khả năng chịu hạn và tách dòng gen chaperonin của một số giống đậu tương (Glycine max L. merill) Địa phương ở vùng Tây Nguyên / |c Chu Hoàng Mậu, ...[ và những người khác]. |
| 653 | # | # | |a Đậu tương |
| 653 | # | # | |a Gen chaperonin |
| 653 | # | # | |a Khả năng chịu hạn |
| 653 | # | # | |a Tây nguyên |
| 700 | # | # | |a Đinh Thị Ngọc. |
| 700 | # | # | |a Bùi Thị Tuyết. |
| 700 | # | # | |a Phạm Thị Thanh Nhan. |
| 773 | # | # | |t Tạp chí Công nghệ Sinh học |g Số 1(6), 2008, tr. 81-90 |
| 920 | # | # | |a Phòng Tạp chí -- Trung tâm Thông tin - Thư viện Trường Đại học Đà Lạt |
| 994 | # | # | |a DLU |
| 900 | # | # | |a True |
| 911 | # | # | |a Nguyễn Thị Linh Chi |
| 925 | # | # | |a G |
| 926 | # | # | |a A |
| 927 | # | # | |a BB |
| 980 | # | # | |a Thư viện Trường Đại học Đà Lạt |